000 00722nam a22001337a 4500
040 _cRUA
082 _aVEM PEN 2022 B1.402 Or.1
100 _aPEN SOCHHAKRIT, ប៉ែន សុឆាគ្រីត
245 _aRadiography on urinary bladder on canines at veterinary teaching hospital of royal university of agriculture, វិទ្យុសាស្រ្តលើប្លោកនោមសុនខនៅមន្ទីពេទ្យសត្វ នៃសាកលវិទ្យាល័យភូមិន្ទកសិកម្ម
260 _aPHNOM PENH
_bRUA
_c2022
300 _ax,
_bill,
_c29cm,
856 _uhttps://drive.google.com/file/d/1gy6_jbXxLb5k5cFugRE0jp7jlyVtjLtC/view?usp=sharing
942 _cVEM
999 _c24282
_d24282